The Quran : (Record no. 32963)
[ view plain ]
| 000 -LEADER | |
|---|---|
| fixed length control field | 00720nam a2200241 a 4500 |
| 001 - CONTROL NUMBER | |
| control field | 32963 |
| 003 - CONTROL NUMBER IDENTIFIER | |
| rucl marc code | BD-RjUL |
| 005 - DATE AND TIME OF LATEST TRANSACTION | |
| control field | 20211209051926.0 |
| 008 - FIXED-LENGTH DATA ELEMENTS--GENERAL INFORMATION | |
| fixed length control field | 181007m19391937stk b 000 0 eng d |
| 035 ## - SYSTEM CONTROL NUMBER | |
| System control number | (BD-RjUL)33053 |
| 040 ## - CATALOGING SOURCE | |
| Original cataloging agency | DLC |
| Transcribing agency | TxFS |
| Modifying agency | PU |
| -- | BD-RjUL |
| Language of cataloging | eng |
| 041 1# - LANGUAGE CODE | |
| Language code of text/sound track or separate title | eng |
| 082 04 - DEWEY DECIMAL CLASSIFICATION NUMBER | |
| Classification number | 297.122521 |
| Author mark and year | QUR 1937-1939 |
| Edition number | 23 |
| 245 04 - TITLE STATEMENT | |
| Title | The Quran : |
| Remainder of title | translated, with a critical re-arrangement of the Surahs / |
| Statement of responsibility, etc. | by Richard Bell |
| 260 ## - PUBLICATION, DISTRIBUTION, ETC. (IMPRINT) | |
| Place of publication, distribution, etc. | Edinburgh : |
| Name of publisher, distributor, etc. | T. & T. Clark, |
| Date of publication, distribution, etc. | 1937-1939 |
| 300 ## - PHYSICAL DESCRIPTION | |
| Pagination | 2v. ; |
| Size | 22 cm. |
| 505 ## - FORMATTED CONTENTS NOTE | |
| Formatted contents note | Vol.1 -- |
| 650 17 - SUBJECT ADDED ENTRY--TOPICAL TERM | |
| Topical term or geographic name as entry element | Quran |
| Form subdivision | English Translation |
| 9 (RLIN) | 223324 |
| Topical term or geographic name as entry element | Koran. |
| 9 (RLIN) | 223325 |
| 700 1# - ADDED ENTRY--PERSONAL NAME | |
| Personal name | Bell, Richard, |
| Dates associated with a name | 1876-1952 , tr. |
| 942 ## - ADDED ENTRY ELEMENTS (KOHA) | |
| Source of classification or shelving scheme | Dewey Decimal Classification |
| Koha item type | Books |
| Lost status | Source of classification or shelving scheme | Damaged status | Not for loan | Collection code | Permanent Location | Current Location | Shelving location | Date acquired | Source of acquisition | Cost, normal purchase price | Total Checkouts | Full call number | Date last seen | Date checked out | Copy number | Koha item type |
|---|---|---|---|---|---|---|---|---|---|---|---|---|---|---|---|---|
| Dewey Decimal Classification | Non-fiction | Central Library, University of Rajshahi | Central Library, University of Rajshahi | 29/11/1956 | B. H. Blackkwell | 1.14 | 1 | 297.122521 QUR V-1 1937 | 30/06/2021 | 04/04/2021 | C-2 | Books | ||||
| Dewey Decimal Classification | Non-fiction | Central Library, University of Rajshahi | Central Library, University of Rajshahi | 03/12/1956 | B. H. Blackkwell | 1.14 | 1 | 297.122521 QUR V-2 1939 | 30/06/2021 | 04/04/2021 | C-2 | Books | ||||
| Dewey Decimal Classification | Not For Loan | Rare Books | Central Library, University of Rajshahi | Central Library, University of Rajshahi | Rare Book Section | 28/11/1966 | A.I. Quraishi | 19.20 | RA 297.122521 QUR V-2 1939 | 07/10/2018 | C-1 | Rare Books | ||||
| Dewey Decimal Classification | Not For Loan | Rare Books | Central Library, University of Rajshahi | Central Library, University of Rajshahi | Rare Book Section | 28/11/1966 | A.I. Quraishi | 19.20 | RA 297.122521 QUR V-1 1937 | 07/10/2018 | C-1 | Rare Books |